000 00445nam a2200181Ia 4500
003 LK-CoDNM
005 20240320104241.0
008 010623t1891 xxu||||| |||| 00| 1 eng d
040 _aLK-CoDNM
_dLK-CoDNM
_eLK-CoDNM
041 _aeng
080 _aA71
100 _aStron,S.Arthur
245 _aThe Maha Bodhi Vamsa
260 _bThe Pali Text Society
_aLondon
_c1891
300 _bDamaged
_axi,182,21 cm
650 _aBuddhism
942 _cBK
999 _c83377
_d83377